| 000 | 00622nam a2200193 a 4500 | ||
|---|---|---|---|
| 005 | 20240911064300.0 | ||
| 008 | 030303s2001 mx r 000 0 spa d | ||
| 020 | _a8427713908 | ||
| 035 | _aUPN01000122322 | ||
| 049 | _aCG | ||
| 050 | 4 |
_aQ181 _bE5.6 |
|
| 245 | 0 | 0 |
_aEnseñanza de las ciencias desde la perspectiva ciencia-tecnología-sociedad : _bformación científica para la ciudadanía / _ced. Pedro Membiela. |
| 260 |
_aMadrid : _bNarcea, _cc2001. |
||
| 300 | _a231 p. | ||
| 440 | 0 |
_aEducación hoy. _pEstudios |
|
| 650 | 4 |
_aCiencia _xEstudio y enseñanza _96354 |
|
| 700 | 1 |
_aMembiela, Pedro, _eed. |
|
| 905 | _aLibro | ||
| 999 |
_c94518 _d94518 |
||